000 01120nam a2200301Ia 4500
001 13130
003 IT-RoPAU
008 130308s9999 xx 000 0 und d
040 _aIT-RoPAU
040 _cIT-RoPAU
041 _aITALIANO
100 _aColombo Furio
100 _gCodice Aut. SPICS: 7899
245 _aRabbia e televisione -Riflessioni sugli effetti imprevisti della Tv
245 _bRabbia e Televisione-Riflessioni Sugli Effetti Imprevisti della Tv
250 _a1a ed.
260 _aMILANO
260 _bSugarco
260 _c1981 [1° Ed.:1981 - Ed.Ling.Originale:1981]
300 _a"176 p. (prefazione: no ; testo: 176)"
500 _aComunicazione selvaggia terremoto e Televisione in Italia John Lennon Televisione e Città Emergenza in Televisione notizia Industria della Paura Pessimismo nella Comunicazione Guerra tra Realtà e immagine Televisione e Verità notizie e I Bambini futuro delle informazioni Dirigere le Comunicazioni
650 _aSAGGI SULLA TELEVISIONE
650 _eCodice materia Spics: 6961
942 _cBK
957 _71
999 _c73336
_d73336
999 _bSI
999 _g3